000 00643nam a22001937a 4500
999 _c190437
_d190437
005 20220726112204.0
010 _aENG-133935
020 _a9788132105619
_c650.00
035 _aEN-117467
037 _bDBAD/PUB
082 _a371.359095
245 _aDistance Education Technologies in Asia/
_cEdited by Jon Baggaley and Tian Belawati
260 _aNew Delhi
_bSage Publication India Pvt Ltd
_c2010
270 _aB1/1-1, Mohan Cooperative Industrial Area Mathura Road
_bNew Delhi
_e110044
300 _axvii, 270p.
_c24cm(hb)
700 _aBaggaley, Jon
700 _aBelawati, Tian
942 _2ddc
_cEN
_h371.359095
_mDIS